LEADER 00806cam0 2200241 450 001 E600200054450 005 20210109143151.0 100 $a20091002d1982 |||||ita|0103 ba 101 $aeng 102 $aGB 200 1 $aConsequences of Pragmatism (Essays$e 1972-1980)$fRichard Rorty 210 $aBrighton$cThe Harvester Press Limited$d1982 215 $aXLVII, 237 p. , 23 cm 700 1$aRorty$b, Richard$3A600200053477$4070$0143803 801 0$aIT$bUNISOB$c20210109$gRICA 850 $aUNISOB 852 $aUNISOB$j100$m37484 912 $aE600200054450 940 $aM 102 Monografia moderna SBN 941 $aM 957 $a100$b002676$gSi$d37484$racquisto$1massimo$2UNISOB$3UNISOB$420091002142749.0$520210109143141.0$6Alfano 996 $aConsequences of Pragmatism (Essays$91708701 997 $aUNISOB